| 000 | 01208pam a2200313 a 4500 | ||
|---|---|---|---|
| 001 | 1599371 | ||
| 003 | OSt | ||
| 005 | 20240315143526.0 | ||
| 008 | 941207s1995 enka b 001 0 eng | ||
| 010 | _a 94047374 | ||
| 020 | _a0199634106 (pbk.) | ||
| 020 | _a0199634114 (hbk.) | ||
| 040 |
_aDLC _cDDC _dDLC |
||
| 050 | 0 | 0 |
_aQH605 _b.C4255 1995 |
| 082 | 0 | 0 | _a571.8 CEL1995 |
| 100 |
_aEdited by Hutchison, Christopher; Glover, M.David _914475 |
||
| 245 | 0 | 0 | _aCell Cycle Control |
| 260 |
_aOxford ; _bIRL Press at Oxford University Press, _cc1995. |
||
| 300 |
_axv, 304 p. : _bill. ; _c25 cm. |
||
| 440 | 0 |
_aFrontiers in molecular biology ; _v[10] _914476 |
|
| 504 | _aIncludes references and index. | ||
| 650 | 0 |
_aCell cycle. _914477 |
|
| 650 | 0 |
_aBiology _95602 |
|
| 856 | 4 | 2 |
_3Publisher description _uhttp://www.loc.gov/catdir/enhancements/fy0602/94047374-d.html |
| 856 | 4 | 1 |
_3Table of contents only _uhttp://www.loc.gov/catdir/enhancements/fy0602/94047374-t.html |
| 906 |
_a7 _bcbc _corignew _d1 _eocip _f19 _gy-gencatlg |
||
| 942 |
_2ddc _cO_SHELF |
||
| 999 |
_c7038 _d7038 |
||